Rzecz w pamięci!

Titel: Rzecz w pamięci!
Verfasser:
In: Borussia, Band 30 (2003), Seite XXIII-XXIV
alle Artikel anzeigen
Veröffentlicht: 2003
Format: Aufsatz
Sprache: Polnisch
Kein Bild verfügbar
X
alg: 39471229
001A    $01999:12-11-16 
001B    $01999:28-07-21 $t13:18:12.000 
001C    $06050:19-11-16 $t09:35:24.000 
001D    $01999:12-11-16 
001U    $0utf8 
001X    $00 
002@    $0Aox 
003@    $0394712293 
007A    $0394712293 $aHEB 
007T    $0Herd67049 
010@    $apol 
011@    $a2003 
021A    $aRzecz w pamięci! 
027A    $aHauptsache das Gedächtnis! 
028A    $aŁazicka-Pawlak $dIwona 
031A    $d30 $hXXIII-XXIV $j2003 
039B    $aIn $8--Abvc--. Borussia. - Olsztyn : [Verlag nicht ermittelbar], 1991-2017. - ISSN 0867-6402 $x200300000300000999 $9048604585 
039T    $8--Aau--Kula, Marcin$Z1943- [Tp1]. Nośniki pamie̜ci historycznej. - Warszawa : DiG, 2002. - 320 S.. - Ill.. - ISBN 83-7181-219-1 $9216933501 
045F    $a900.9438 $eDDC23BSB 
045F/01 $a900 
045F/03 $g438 
045T    $a8,1 $a7,41 
046C    $aHauptsache das Gedächtnis! $bÜbers. des Hauptsacht. 

lok: 39471229 78

exp: 39471229 78 1 #EPN
201B/01 $018-11-16 $t12:29:01.000 
201U/01 $0utf8 
203@/01 $0791010899 
208@/01 $a12-11-16 $be 
209A/01 $a/ $f000 $x00 
220C/01 $aTitelaufnehmer: jk 
244Z/01 $2Trx $#Poola $#Lenkija $#Polija $#Polen Land $#Poland $#Lengyelország $#Poľsko $#Polsko $8--Trx--Polska$gkraj $x01 $9391345966 
244Z/01 $2Trx $#arvustused $#recenzijos $#Reviews $#recenziók $#recenzje $#recenzie $#recenze $8--Trx--Rezensionen $x02 $9391357441 
247C/01 $82080>Marburg/Lahn, Herder-Institut, Forschungsbibliothek, Bibliographieportal $9336309341
LEADER 00000caa a22000002c 4500
001 394712293
003 DE-603
005 20210728131812.0
007 tu
008 161112s2003 xx |||| | u00||u|pol c
035 |a (DE-599)HEB394712293 
040 |a DE-603  |b ger  |c DE-603  |d DE-603 
041 |a pol 
082 0 4 |8 1\u  |a 900.9438  |q DE-101  |2 23/BSB 
084 |a 8,1  |a 7,41  |2 ssgn 
085 |8 1\u  |b 900 
085 |8 1\u  |z 2  |s 438 
100 1 |a Łazicka-Pawlak, Iwona 
245 0 0 |a Rzecz w pamięci! 
246 1 |i Übers. des Hauptsacht.  |a Hauptsache das Gedächtnis! 
246 1 3 |a Hauptsache das Gedächtnis! 
264 0 |c 2003 
773 0 8 |i In  |t Borussia  |d Olsztyn : [Verlag nicht ermittelbar], 1991-2017  |x 0867-6402  |g Band 30 (2003), Seite XXIII-XXIV  |w (DE-603)048604585  |w (DE-600)1110008-4 
787 0 8 |i Rezension von  |a Kula, Marcin, 1943-  |t Nośniki pamie̜ci historycznej  |d Warszawa : DiG, 2002  |h 320 S., Ill.  |z 8371812191  |w (DE-603)216933501 
924 0 |9 2080  |a (DE-603)791010899  |b DE-2080  |c HES  |d d  |g /